Las Islas más Grandes del Mundo con un Mapa - Estadísticas

Estadísticas generales
  • Esta prueba ha sido intentada 4.343 veces
  • La puntuación promedio es 12 de 26
Respuestas en el mapa
Las respuestas están codificadas por una escala verde-roja en el mapa de la prueba según el % correcto abajo.
 
Estadísticas de respuestas
# Isla % Correcto
4 Madagascar
94%
1 Groenlandia
93%
18 Islandia
91%
17 Cuba
87%
20 Irlanda
87%
9 Gran Bretaña
74%
25 Sri Lanka
72%
26 Tasmania
59%
22 La Española
56%
3 Borneo
53%
13 Java
50%
2 Nueva Guinea
45%
6 Sumatra
44%
16 Terranova
39%
14 Isla Norte
38%
12 Isla Sur
38%
21 Hokkaido
36%
15 Luzón
30%
7 Honshu
29%
5 Isla Baffin
28%
11 Célebes
25%
8 Isla Victoria
20%
19 Mindanao
20%
23 Sajalín
18%
10 Isla de Ellesmere
16%
24 Isla de Banks
11%
No se encontraron pruebas coincidentes
Distribución de puntuación
Porcentaje de gente con cada puntuación
Porcentaje por número respondido
Historial de tus puntuaciones
No has intentado esta prueba.